| 000 | 00485nam a2200169Ia 4500 | ||
|---|---|---|---|
| 005 | 20250326130746.0 | ||
| 008 | 250326s9999 xx 000 0 und d | ||
| 037 | _aTextbook | ||
| 040 |
_aFMSL _beng _cFMSL |
||
| 041 |
_aeng _2eng |
||
| 084 |
_aX65.1 Q1 _qFMSL |
||
| 100 |
_aFeibel B J _9741264 |
||
| 245 | 0 |
_aComplysing with the global investment performance standards _cFeibel B J; Vincent K D |
|
| 260 | _c2011 | ||
| 942 |
_cTB _hX65.1 Q1 |
||
| 999 |
_c1283966 _d1283966 |
||